000 00521nam a2200181Ia 4500
999 _c8850
_d8850
003 OSt
005 20201008101005.0
008 190216s9999||||xx |||||||||||||| ||und||
040 _coclc
082 _a004.165
_bKAN//M
100 _aKani, A Nagoor
_95433
245 0 _aMicroprocessor (8085) And Its Applications /
_cA Nagoor Kani
250 _a2nd Ed.
260 _bRba Publications,
_c2004.
_aChennai:
300 _a449p
650 _aPhysics
942 _cBK
_2ddc
_h004.165
_iKAN/M
_k004.165
_mKAN/M